[Event "Quebec Montcalm op 6 1998-99"]
[Site "Quebec"]
[Date "1999.04.08"]
[Round "3"]
[White "Auger, Bertrand"]
[Black "Campbell, Gaetan"]
[Result "1-0"]
[WhiteElo "2042"]
[BlackElo "1797"]
[PlyCount "31"]
[EventDate "1999.03.25"]
[EventType "swiss"]
[EventRounds "5"]
[EventCountry "CAN"]
[SourceTitle "EXT 2022"]
[Source "ChessBase"]
[SourceDate "2021.10.06"]
[SourceVersion "1"]
[SourceVersionDate "2021.10.06"]
[SourceQuality "1"]

1. Nf3 d5 2. g3 Bf5 3. Bg2 e6 4. 0-0 Be7 5. d3 h5 6. Nbd2 h4 7. e4 Bg4 8. h3 Bxf3 9. Qxf3 hxg3 10. fxg3 Bc5+ 11. Kh2 Qf6 12. Qe2 Qe5 13. Nf3 Qh5 14. d4 Bb6 15. exd5 Na6 16. a4 1-0